TF2 Voice Lines - Statistics

General Stats
  • This quiz has been taken 623 times
  • The average score is 9 of 9
Answer Stats
Voice Line Character % Correct
"Zank you, Herr Doktor." Medic
100%
"Eat it, fatty!" Scout
99%
"You big head wankers!" Sniper
99%
"Give 'em hell, boys!" Soldier
99%
"I told ya don't touch that darn thing." Engineer
98%
"How could this happen?" Heavy
98%
"Hudda hudda huuh." Pyro
98%
"You disgust me." Spy
98%
"Cheers, mate!" Demoman
97%
No matching quizzes found
Score Distribution
Percent of People with Each Score
Percentile by Number Answered
Your Score History
You have not taken this quiz